[Event "CZE-tht Extraliga 2018-19"]
[Site "Czech Republic"]
[Date "2019.02.09"]
[Round "7"]
[White "Markowski, Tomasz"]
[Black "Simacek, Pavel"]
[Result "1/2-1/2"]
[WhiteElo "2550"]
[BlackElo "2479"]
[Annotator "ChessBase"]
[PlyCount "128"]
[EventDate "2018.11.03"]
[EventType "team-tourn"]
[EventCountry "CZE"]
[SourceTitle "playchess.com"]
[Source "ChessBase"]
[SourceQuality "1"]
[WhiteTeam "Poruba"]
[BlackTeam "Turnov"]
[TimeControl "40/5400+30:1800+30"]

1. d4 {[%emt 0:00:00]} Nf6 {[%emt 0:00:01]} 2. Nf3 {[%emt 0:00:06]} e6 {[%emt 0:00:25]} 3. e3 {[%emt 0:00:04]} b6 {[%emt 0:01:42]} 4. Bd3 {[%emt 0:00:09]} Bb7 {[%emt 0:00:05]} 5. O-O {[%emt 0:00:04]} Be7 {[%emt 0:01:03]} 6. c4 {[%emt 0:00:10]} O-O {[%emt 0:00:16]} 7. Nc3 {[%emt 0:00:04]} d5 {[%emt 0:00:36]} 8. cxd5 {[%emt 0:00:12]} exd5 {[%emt 0:02:47]} 9. b3 {[%emt 0:01:38]} Nbd7 {[%emt 0:02:19]} 10. Bb2 {[%emt 0:00:13]} Ne4 {[%emt 0:08:34]} 11. Qc2 {[%emt 0:02:40]} Ndf6 {[%emt 0:01:34]} 12. Rac1 {[%emt 0:08:03]} Nxc3 {[%emt 0:00:59]} 13. Qxc3 {[%emt 0:00:09]} Bd6 {[%emt 0:00:32]} 14. b4 {[%emt 0:04:59]} Ne4 {[%emt 0:07:47]} 15. Qb3 {[%emt 0:01:40]} a5 {[%emt 0:06:32]} 16. a3 {[%emt 0:01:38]} Qe8 {[%emt 0:04:33]} 17. b5 {[%emt 0:02:48]} a4 {[%emt 0:02:14]} 18. Qc2 {[%emt 0:05:18]} Qe7 {[%emt 0:10:04]} 19. Ra1 {[%emt 0:05:40]} f6 {[%emt 0:02:30]} 20. Rfc1 {[%emt 0:03:03]} Rfc8 {[%emt 0:01:41]} 21. Nd2 {[%emt 0:15:06]} Nxd2 {[%emt 0:06:14]} 22. Qxd2 {[%emt 0:01:02]} c5 {[%emt 0:04:18]} 23. bxc6 {[%emt 0:03:55]} Bxc6 {[%emt 0:00:15]} 24. g3 {[%emt 0:06:25]} Bd7 {[%emt 0:01:56]} 25. Rcb1 {[%emt 0:01:56]} Rc7 {[%emt 0:09:13]} 26. Bc3 {[%emt 0:01:07]} Rac8 {[%emt 0:00:08]} 27. Bb4 {[%emt 0:00:13]} Bxb4 {[%emt 0:00:07]} 28. Rxb4 {[%emt 0:00:30]} Rc3 {[%emt 0:01:25]} 29. Ba6 {[%emt 0:06:34]} R8c7 {[%emt 0:06:33]} 30. Rxb6 {[%emt 0:02:41]} Bh3 {[%emt 0:01:19]} 31. Qd1 {[%emt 0:08:36]} g6 {[%emt 0:10:02]} 32. Bf1 {[%emt 0:00:14]} Bxf1 {[%emt 0:01:25]} 33. Qxf1 {[%emt 0:00:15]} Kg7 {[%emt 0:01:10]} 34. Rb4 {[%emt 0:01:23]} R7c4 {[%emt 0:04:08]} 35. Qb1 {[%emt 0:06:59]} Kh6 {[%emt 0:01:57]} 36. Rxc4 {[%emt 0:09:54]} dxc4 {[%emt 0:00:07]} 37. e4 {[%emt 0:01:11]} g5 {[%emt 0:00:32]} 38. Qb6 {[%emt 0:01:23]} Kg7 {[%emt 0:01:08]} 39. e5 {[%emt 0:00:33]} fxe5 {[%emt 0:00:24]} 40. Re1 {[%emt 0:00:40]} e4 {[%emt 0:00:38]} 41. d5 {[%emt 0:01:00]} Rd3 {[%emt 0:02:38]} 42. Qc6 {[%emt 0:05:15]} e3 {[%emt 0:04:44]} 43. Qxc4 {[%emt 0:01:42]} exf2+ {[%emt 0:00:25]} 44. Kxf2 {[%emt 0:00:03]} Rd2+ {[%emt 0:00:04]} 45. Re2 {[%emt 0:00:18]} Rxe2+ {[%emt 0:01:05]} 46. Qxe2 {[%emt 0:00:03]} Qc5+ {[%emt 0:02:15]} 47. Kf3 {[%emt 0:01:58]} Qxd5+ {[%emt 0:00:49]} 48. Kg4 {[%emt 0:00:44]} Qd4+ {[%emt 0:01:33]} 49. Kh5 {[%emt 0:01:47]} Qf6 {[%emt 0:03:17]} 50. Qe4 {[%emt 0:02:02]} Qh6+ {[%emt 0:03:24]} 51. Kg4 {[%emt 0:00:02]} Qxh2 {[%emt 0:00:05]} 52. Qe7+ {[%emt 0:00:43]} Kg6 {[%emt 0:00:04]} 53. Qxg5+ {[%emt 0:01:52]} Kf7 {[%emt 0:00:03]} 54. Qf4+ {[%emt 0:01:04]} Kg6 {[%emt 0:00:17]} 55. Qe4+ {[%emt 0:01:16]} Kf6 {[%emt 0:00:25]} 56. Qc6+ {[%emt 0:00:53]} Ke5 {[%emt 0:00:17]} 57. Qe8+ {[%emt 0:02:26]} Kf6 {[%emt 0:00:28]} 58. Qf8+ {[%emt 0:00:43]} Kg6 {[%emt 0:00:27]} 59. Qg8+ {[%emt 0:00:25]} Kf6 {[%emt 0:00:11]} 60. Qg5+ {[%emt 0:00:07]} Kf7 {[%emt 0:00:13]} 61. Qf5+ {[%emt 0:00:11]} Kg7 {[%emt 0:00:12]} 62. Qe5+ {[%emt 0:00:22]} Kg6 {[%emt 0:00:24]} 63. Qe8+ {[%emt 0:00:51]} Kf6 {[%emt 0:00:12]} 64. Qc6+ {[%emt 0:02:49]} Ke5 {[%emt 0:01:09]} 1/2-1/2

[Event "CZE-tht Extraliga 2018-19"]
[Site "Czech Republic"]
[Date "2019.02.09"]
[Round "7"]
[White "Cvek, Robert"]
[Black "Kraus, Tomas"]
[Result "1-0"]
[WhiteElo "2512"]
[BlackElo "2458"]
[Annotator "TA"]
[PlyCount "191"]
[EventDate "2018.11.03"]
[EventType "team-tourn"]
[EventCountry "CZE"]
[SourceTitle "playchess.com"]
[Source "ChessBase"]
[SourceQuality "1"]
[WhiteTeam "Poruba"]
[BlackTeam "Turnov"]

{[%evp 9,190,56,62,62,78,75,77,73,70,70,75,57,104,110,107,53,64,24,35,34,48,10,0,-14,68,38,118,52,62,28,28,38,12,28,29,10,24,0,0,-55,-64,-71,-39,-45,30,20,43,45,136,113,171,81,121,100,205,187,266,267,380,294,365,343,364,353,633,589,800,435,441,397,420,422,395,370,414,386,649,635,952,1076,1076,1040,882,797,606,358,467,433,1901,1724,29948,29949,5501,503,29952,29953,29953,29952,29953,29945,29971,29973,29972,29973,29977,29978,29976,29973,29973,29973,29972,29974,29975,29976,29976,29973,29972,29973,29973,29974,29974,29975,29971,29974,29974,29977,29977,29978,29977,29978,29979,29980,29980,29981,29981,29980,29982,0,29981,29980,29982,29975,29983,29984,29984,29985,29985,29986,29986,29987,29987,29988,29988,29988,29988,29989,29989,29989,29990,29990,29991,29992,29992,29989,29993,29993,29994,29993,29994,29994,29995,29996,29996,29995,29997,29996,29996,29997,29997,29998,29998,29999,29999]} 1. Nf3 d5 2. e3 Nc6 3. Bb5 (3. d4 e6 4. c4 Nf6 5. Nc3 Bd6 6. Be2 dxc4 7. Bxc4 O-O 8. O-O e5 9. h3 Qe7 10. a3 Bf5 11. Re1 e4 12. Nd2 h5 13. Bf1 h4 {1-0 (63) Vidit,S (2718)-Andriasian,Z (2591) chess.com INT 2018}) 3... e6 4. b3 Nge7 $146 ({Predecessor:} 4... Bd7 5. O-O Qf6 6. d4 a6 7. Be2 Nge7 8. c4 g6 9. Nc3 O-O-O {1-0 (26) Schuster,G-Beer,S GER email 2009}) 5. Bb2 a6 6. Be2 {A06: Réti Opening:1 Nf3 d5} Ng6 7. h4 {[%cal Bh2h4,Bh4h5][%mdl 32]} Be7 {[%cal Rg6h4]} 8. h5 {White is better.} Bf6 9. d4 Nge7 10. Nc3 e5 11. dxe5 Nxe5 12. Qd2 (12. Nxe5 $16 {Ng4 is the strong threat.} Bxe5 13. f4 Bxc3+ 14. Bxc3) 12... Ng4 $14 13. Rf1 c5 14. O-O-O {[%cal Rc3d5]} Be6 15. e4 {[%cal Re4d5]} d4 16. Qf4 Qc8 (16... O-O $11) 17. Na4 {And now Ba3 would win.} (17. Nd5 $5 Bxd5 18. exd5 $14) 17... Qc6 (17... b5 $1 $14 18. Nb6 Qb8) 18. e5 ({White should play} 18. Ba3 $16 b6 19. Nxd4 cxd4 20. Bxg4) 18... Nd5 19. Qe4 (19. Qg3 $5 {[%cal Re5f6]} Be7 20. Nd2 $11) 19... Be7 20. c4 dxc3 21. Nxc3 Nb4 22. Qxc6+ Nxc6 23. Ne4 (23. Nd5 $5 {[%cal Rd5c7]} Rc8 24. Kb1 $14 (24. Nxe7 Kxe7 25. Bc3 b5 $11)) 23... O-O 24. Nd6 (24. Nfg5 $11 Bf5 25. e6 fxe6 26. Bc4) 24... b5 $15 25. Bd3 Rad8 26. Nf5 Rd7 ({Better is} 26... h6 $15) 27. Nxe7+ $11 Nxe7 28. Ng5 Nf5 (28... g6 $1 $14) 29. Be2 $36 {[%mdl 2048] White is in control.} Rxd1+ (29... Nfh6 $16 {is a better defense.}) 30. Bxd1 (30. Rxd1 $18 {is more deadly.} Nfh6 31. Rd6) 30... Ngh6 31. g4 Ne7 {[#]} (31... Nd4 $16) 32. f3 $1 $18 Bd5 (32... c4 {was called for.} 33. Ba3 Re8 34. Nxe6 fxe6 35. bxc4 Nc6 36. cxb5 axb5) 33. Bc2 g6 (33... Rc8 $142 34. Bxh7+ Kh8) 34. hxg6 fxg6 35. Rh1 Nxg4 36. Rxh7 Nc6 $2 (36... Rxf3 37. e6 Rf1+ 38. Kd2 Kf8 39. Bg7+ (39. Rh8+ Ng8 $16) 39... Kg8) 37. e6 {[%csl Gb2][%cal Rh7h8]} Nf6 38. Rf7 Nd4 39. Bxd4 cxd4 40. Bxg6 Rxf7 41. Bxf7+ {[%mdl 4096] Endgame KBN-KBN} Kg7 42. Kd2 a5 $2 (42... Bb7 43. Kd3 Kf8 44. Kxd4 Ke7) 43. Kd3 a4 {[#]} 44. bxa4 $1 bxa4 45. a3 Bb3 46. Kxd4 Nd5 47. Kc5 Ne3 48. Kd6 Kf6 (48... Nf5+ $142 49. Kd7 Kf6) 49. Ne4+ Kf5 50. Bg8 Kf4 51. Nd2 (51. e7 $142 Nf5+ 52. Kd7 Nxe7 53. Bxb3 (53. Kxe7 Bxg8 54. Kd6 Kxf3 $11) 53... axb3 54. Kxe7) 51... Bxe6 (51... Nf5+ $18 52. Kd7 Bd5) 52. Bxe6 Nc2 53. Nc4 Kxf3 54. Bf5 Nxa3 55. Nxa3 Kf4 56. Ke6 Kg5 57. Ke5 Kh6 58. Be6 Kg5 59. Nc2 Kg6 60. Ne1 a3 61. Nf3 Kg7 62. Ng5 Kg6 63. Ne4 Kg7 64. Nd6 Kg6 65. Nb5 a2 66. Bxa2 Kg7 67. Nd6 Kg6 68. Be6 Kg7 69. Bf5 Kg8 70. Kf6 Kh8 71. Nf7+ Kg8 72. Bg6 Kf8 73. Bf5 Kg8 74. Be4 {White mates.} Kf8 75. Bh7 Ke8 76. Ne5 Kd8 77. Ke6 Kc7 78. Nd7 Kb7 79. Bd3 Kc6 80. Bc4 Kc7 81. Bd5 Kd8 82. Kd6 Ke8 83. Bc4 Kd8 84. Bf7 Kc8 85. Nc5 Kd8 86. Ne6+ Kc8 87. Kc6 Kb8 88. Bh5 Kc8 89. Bg4 Kb8 90. Nc5 Ka7 91. Kc7 Ka8 92. Be2 Ka7 93. Ne4 Ka8 94. Nd6 Ka7 95. Nc8+ Ka8 96. Bf3# {Precision: White = 54%, Black = 29%.} 1-0

[Event "CZE-tht Extraliga 2018-19"]
[Site "Czech Republic"]
[Date "2019.02.09"]
[Round "7"]
[White "Ftacnik, Lubomir"]
[Black "Kempinski, Robert"]
[Result "1-0"]
[WhiteElo "2500"]
[BlackElo "2578"]
[Annotator "ChessBase"]
[PlyCount "97"]
[EventDate "2018.11.03"]
[EventType "team-tourn"]
[EventCountry "CZE"]
[SourceTitle "playchess.com"]
[Source "ChessBase"]
[SourceQuality "1"]
[WhiteTeam "Turnov"]
[BlackTeam "Poruba"]
[TimeControl "40/5400+30:1800+30"]

1. d4 {[%emt 0:00:00]} Nf6 {[%emt 0:00:03]} 2. Nf3 {[%emt 0:00:00]} b6 {[%emt 0:00:45]} 3. c4 {[%emt 0:00:16]} Bb7 {[%emt 0:00:09]} 4. Nc3 {[%emt 0:00:25]} e6 {[%emt 0:00:25]} 5. a3 {[%emt 0:00:53]} d5 {[%emt 0:00:44]} 6. cxd5 {[%emt 0:00:57]} Nxd5 {[%emt 0:00:30]} 7. Qc2 {[%emt 0:01:44]} Be7 {[%emt 0:02:00]} 8. e4 {[%emt 0:00:16]} Nxc3 {[%emt 0:00:25]} 9. bxc3 {[%emt 0:00:04]} O-O {[%emt 0:01:02]} 10. Bd3 {[%emt 0:00:20]} c5 {[%emt 0:02:29]} 11. O-O {[%emt 0:00:19]} Qc7 {[%emt 0:00:29]} 12. Qe2 {[%emt 0:00:51]} Rd8 {[%emt 0:00:10]} 13. Bb2 {[%emt 0:04:11]} Nd7 {[%emt 0:10:09]} 14. Rad1 {[%emt 0:01:59]} Rac8 {[%emt 0:03:07]} 15. e5 {[%emt 0:14:28]} c4 {[%emt 0:15:15]} 16. Bb1 {[%emt 0:02:09]} b5 {[%emt 0:02:10]} 17. h4 {[%emt 0:04:39]} Nb6 {[%emt 0:05:15]} 18. Bc1 {[%emt 0:02:36]} Nd5 {[%emt 0:06:07]} 19. Qc2 {[%emt 0:10:51]} g6 {[%emt 0:03:15]} 20. Bg5 {[%emt 0:05:45]} Bxg5 {[%emt 0:04:38]} 21. Nxg5 {[%emt 0:00:34]} Qe7 {[%emt 0:03:08]} 22. Qc1 {[%emt 0:11:17]} h6 {[%emt 0:05:42]} 23. Ne4 {[%emt 0:11:55]} Qxh4 {[%emt 0:03:31]} 24. g3 {[%emt 0:00:54]} Qh3 {[%emt 0:05:26]} 25. f3 {[%emt 0:01:26]} Ne7 {[%emt 0:04:24]} 26. Nf6+ {[%emt 0:02:33]} Kg7 {[%emt 0:02:39]} 27. Rd2 {[%emt 0:00:45]} Ng8 {[%emt 0:04:27]} 28. Qe1 {[%emt 0:01:39]} Nxf6 {[%emt 0:06:55]} 29. exf6+ {[%emt 0:00:15]} Kxf6 {[%emt 0:00:07]} 30. Rh2 {[%emt 0:00:07]} Qxh2+ {[%emt 0:00:06]} 31. Kxh2 {[%emt 0:00:03]} Bd5 {[%emt 0:00:09]} 32. Be4 {[%emt 0:05:47]} h5 {[%emt 0:00:31]} 33. Qe3 {[%emt 0:01:02]} a6 {[%emt 0:00:30]} 34. Qf4+ {[%emt 0:01:59]} Kg7 {[%emt 0:00:38]} 35. Kg2 {[%emt 0:00:56]} Rd7 {[%emt 0:00:36]} 36. g4 {[%emt 0:01:47]} Rh8 {[%emt 0:00:45]} 37. g5 {[%emt 0:01:27]} Rc8 {[%emt 0:00:42]} 38. Re1 {[%emt 0:02:17]} Kg8 {[%emt 0:00:14]} 39. Kg3 {[%emt 0:01:02]} Rc6 {[%emt 0:00:37]} 40. Qb8+ {[%emt 0:04:06]} Kg7 {[%emt 0:00:07]} 41. Bxd5 {[%emt 0:31:28]} Rxd5 {[%emt 0:30:07]} 42. Re5 {[%emt 0:00:21]} Rcd6 {[%emt 0:01:21]} 43. f4 {[%emt 0:03:35]} a5 {[%emt 0:00:18]} 44. a4 {[%emt 0:00:00]} bxa4 {[%emt 0:00:00]} 45. Qc7 {[%emt 0:00:00]} a3 {[%emt 0:00:00]} 46. Qxc4 {[%emt 0:00:00]} Rxe5 {[%emt 0:00:00]} 47. fxe5 {[%emt 0:00:00]} Rb6 {[%emt 0:00:00]} 48. Qa4 {[%emt 0:00:00]} Rb1 {[%emt 0:00:00]} 49. Qxa3 {[%emt 0:00:00]} 1-0

[Event "CZE-tht Extraliga 2018-19"]
[Site "Czech Republic"]
[Date "2019.02.09"]
[Round "7"]
[White "Jaracz, Pawel"]
[Black "Kanovsky, David"]
[Result "1-0"]
[WhiteElo "2464"]
[BlackElo "2424"]
[Annotator "ChessBase"]
[PlyCount "51"]
[EventDate "2018.11.03"]
[EventType "team-tourn"]
[EventCountry "CZE"]
[SourceTitle "playchess.com"]
[Source "ChessBase"]
[SourceQuality "1"]
[WhiteTeam "Turnov"]
[BlackTeam "Poruba"]
[TimeControl "40/5400+30:1800+30"]

1. e4 {[%emt 0:00:00]} e6 {[%emt 0:00:00]} 2. d4 {[%emt 0:00:20]} d5 {[%emt 0:00:00]} 3. Nd2 {[%emt 0:00:06]} c5 {[%emt 0:00:13]} 4. Ngf3 {[%emt 0:01:19]} a6 {[%emt 0:00:55]} 5. dxc5 {[%emt 0:01:28]} Bxc5 {[%emt 0:02:17]} 6. Bd3 {[%emt 0:00:27]} Nc6 {[%emt 0:00:57]} 7. O-O {[%emt 0:01:10]} Nge7 {[%emt 0:03:14]} 8. exd5 {[%emt 0:01:25]} exd5 {[%emt 0:00:53]} 9. Nb3 {[%emt 0:01:44]} Bb6 {[%emt 0:01:02]} 10. Re1 {[%emt 0:06:56]} Bg4 {[%emt 0:02:42]} 11. Be3 {[%emt 0:03:47]} d4 {[%emt 0:04:06]} 12. Bf4 {[%emt 0:04:26]} h6 {[%emt 0:05:33]} 13. h3 {[%emt 0:14:52]} Be6 {[%emt 0:03:08]} 14. Ne5 {[%emt 0:06:28]} O-O {[%emt 0:30:25]} 15. Qh5 {[%emt 0:03:27]} Nxe5 {[%emt 0:01:20]} 16. Bxe5 {[%emt 0:01:03]} Bxb3 {[%emt 0:01:22]} 17. axb3 {[%emt 0:00:36]} Nc6 {[%emt 0:00:19]} 18. Qf5 {[%emt 0:14:33]} g6 {[%emt 0:00:44]} 19. Qf3 {[%emt 0:00:09]} Re8 {[%emt 0:06:54]} 20. Bf6 {[%emt 0:02:32]} Qd7 {[%emt 0:01:17]} 21. Qf4 {[%emt 0:07:54]} Kh7 {[%emt 0:02:32]} 22. h4 {[%emt 0:00:29]} Nb4 {[%emt 0:15:59]} 23. Be4 {[%emt 0:05:06]} Re6 {[%emt 0:01:32]} 24. c3 {[%emt 0:02:38]} Bc7 {[%emt 0:06:01]} 25. Qg4 {[%emt 0:00:33]} Rae8 {[%emt 0:01:02]} 26. h5 {[%emt 0:01:11]} 1-0

[Event "CZE-tht Extraliga 2018-19"]
[Site "Czech Republic"]
[Date "2019.02.09"]
[Round "7"]
[White "Vykouk, Jan"]
[Black "Bobras, Piotr"]
[Result "1-0"]
[WhiteElo "2438"]
[BlackElo "2488"]
[Annotator "ChessBase"]
[PlyCount "80"]
[EventDate "2018.11.03"]
[EventType "team-tourn"]
[EventCountry "CZE"]
[SourceTitle "playchess.com"]
[Source "ChessBase"]
[SourceQuality "1"]
[WhiteTeam "Turnov"]
[BlackTeam "Poruba"]
[TimeControl "40/5400+30:1800+30"]

1. e4 {[%emt 0:00:00]} c5 {[%emt 0:00:00]} 2. Nf3 {[%emt 0:00:00]} d6 {[%emt 0:00:00]} 3. d4 {[%emt 0:00:00]} cxd4 {[%emt 0:00:00]} 4. Nxd4 {[%emt 0:00:00]} Nf6 {[%emt 0:00:00]} 5. Nc3 {[%emt 0:00:00]} a6 {[%emt 0:00:01]} 6. Be3 {[%emt 0:00:05]} e5 {[%emt 0:00:10]} 7. Nb3 {[%emt 0:00:06]} Be7 {[%emt 0:00:25]} 8. f3 {[%emt 0:00:13]} Be6 {[%emt 0:00:12]} 9. Qd2 {[%emt 0:00:05]} O-O {[%emt 0:00:30]} 10. O-O-O {[%emt 0:00:41]} Nbd7 {[%emt 0:00:31]} 11. g4 {[%emt 0:00:10]} b5 {[%emt 0:00:04]} 12. g5 {[%emt 0:00:18]} b4 {[%emt 0:00:05]} 13. Ne2 {[%emt 0:00:15]} Ne8 {[%emt 0:00:14]} 14. f4 {[%emt 0:00:14]} a5 {[%emt 0:00:48]} 15. f5 {[%emt 0:00:08]} Bxb3 {[%emt 0:00:33]} 16. cxb3 {[%emt 0:00:06]} a4 {[%emt 0:00:05]} 17. Kb1 {[%emt 0:00:04]} axb3 {[%emt 0:11:56]} 18. Nc1 {[%emt 0:00:04]} bxa2+ {[%emt 0:31:31]} 19. Ka1 {[%emt 0:00:04]} Qc8 {[%emt 0:22:19]} 20. Nb3 {[%emt 0:11:07]} Bd8 {[%emt 0:14:34]} 21. Rc1 {[%emt 0:01:19]} Qb7 {[%emt 0:06:20]} 22. Bc4 {[%emt 0:00:06]} Bb6 {[%emt 0:01:08]} 23. Bd5 {[%emt 0:06:49]} Bxe3 {[%emt 0:00:06]} 24. Qxe3 {[%emt 0:00:15]} Qa7 {[%emt 0:00:02]} 25. Qh3 {[%emt 0:00:06]} Rd8 {[%emt 0:04:19]} 26. Rhg1 {[%emt 0:01:26]} Nb6 {[%emt 0:03:24]} 27. g6 {[%emt 0:02:32]} Nf6 {[%emt 0:00:14]} 28. gxf7+ {[%emt 0:13:38]} Kh8 {[%emt 0:00:25]} 29. Qg2 {[%emt 0:01:23]} Rxf7 {[%emt 0:00:44]} 30. Bxf7 {[%emt 0:00:05]} Qxf7 {[%emt 0:00:03]} 31. Rc6 {[%emt 0:01:55]} Na4 {[%emt 0:02:39]} 32. Qc2 {[%emt 0:01:56]} Nc5 {[%emt 0:01:55]} 33. Nxc5 {[%emt 0:02:54]} dxc5 {[%emt 0:00:03]} 34. Rxc5 {[%emt 0:05:19]} b3 {[%emt 0:00:15]} 35. Qe2 {[%emt 0:01:21]} Qa7 {[%emt 0:01:20]} 36. Rgc1 {[%emt 0:00:26]} h6 {[%emt 0:00:31]} 37. R5c3 {[%emt 0:03:06]} Rd4 {[%emt 0:00:28]} 38. Rc7 {[%emt 0:03:47]} Qa5 {[%emt 0:00:33]} 39. Rc8+ {[%emt 0:00:10]} Rd8 {[%emt 0:00:29]} 40. Qe1 {[%emt 0:06:15]} Qb6 {[%emt 0:00:00]} 1-0

[Event "CZE-tht Extraliga 2018-19"]
[Site "Czech Republic"]
[Date "2019.02.09"]
[Round "7"]
[White "Londyn, Radek"]
[Black "Vlasak, Lukas"]
[Result "1/2-1/2"]
[WhiteElo "2399"]
[BlackElo "2416"]
[Annotator "NA"]
[PlyCount "85"]
[EventDate "2018.11.03"]
[EventType "team-tourn"]
[EventCountry "CZE"]
[SourceTitle "playchess.com"]
[Source "ChessBase"]
[SourceQuality "1"]
[WhiteTeam "Poruba"]
[BlackTeam "Turnov"]
[TimeControl "40/5400+30:1800+30"]

1. e4 {[%emt 0:00:00]} c5 {[%emt 0:00:00]} 2. Nc3 {[%emt 0:00:00]} g6 {[%emt 0:00:46]} 3. d4 {[%emt 0:00:02]} Bg7 {[%emt 0:00:31]} 4. d5 {[%emt 0:01:04]} d6 {[%emt 0:01:08]} 5. Bb5+ {[%emt 0:01:03]} Bd7 {[%emt 0:00:09]} 6. a4 {[%emt 0:00:28]} Nf6 {[%emt 0:00:06]} 7. Nf3 {[%emt 0:01:04]} O-O {[%emt 0:00:07]} 8. h3 {[%emt 0:00:39]} Na6 {[%emt 0:17:15]} 9. O-O {[%emt 0:00:37]} Nc7 {[%emt 0:03:30] A43: Schmid Benoni} 10. Bxd7 {[%emt 0:04:54]} (10. Bc4 a6 11. e5 dxe5 12. Nxe5 Be8 13. Bf4 b5 14. axb5 axb5 15. Rxa8 Qxa8 16. Nf3 bxc4 17. Bxc7 {½-½ (44) Wang,Y (2716)-Malakhov,V (2732) Ningbo 2010}) 10... Nxd7 {[%emt 0:07:36] LiveBook: 7 Games} 11. Bg5 {[%emt 0:04:44]} a6 $146 {[%emt 0:03:38]} ({Predecessor:} 11... h6 12. Be3 a6 13. a5 Rb8 14. Qe2 b5 15. axb6 Rxb6 16. Na4 Rb8 17. c4 {½-½ (44) Herder,D (2251)-Huber,G (2243) Richmond 2002}) 12. Qd2 {[%emt 0:00:36]} Re8 {[%emt 0:01:25]} 13. a5 {[%emt 0:06:31]} Nb5 {[%emt 0:07:21]} 14. Nd1 {[%emt 0:09:19]} Nd4 {[%emt 0:02:35]} 15. Nxd4 {[%emt 0:16:12]} cxd4 {[%emt 0:01:22]} 16. f3 {[%emt 0:04:01]} Qc7 {[%emt 0:06:54]} 17. Ra2 {[%emt 0:00:22]} Rac8 {[%emt 0:01:14]} 18. b3 {[%emt 0:00:04]} e6 $11 {[%emt 0:15:15]} 19. dxe6 {[%emt 0:00:01]} fxe6 {[%emt 0:00:11]} 20. Nf2 {[%emt 0:00:14]} Qc3 {[%emt 0:00:27]} 21. Qd1 {[%emt 0:07:20]} Qc6 {[%emt 0:05:26]} 22. Kh1 {[%emt 0:04:42]} Qb5 {[%emt 0:07:12]} 23. Bd2 {[%emt 0:02:55]} Nf6 {[%emt 0:01:51]} 24. Nd3 {[%emt 0:01:34]} e5 {[%emt 0:01:24]} 25. Re1 {[%emt 0:03:09]} d5 {[%emt 0:01:37]} 26. Ra4 {[%emt 0:08:08]} dxe4 {[%emt 0:03:08]} 27. fxe4 {[%emt 0:00:03]} Qd7 {[%emt 0:03:18]} 28. Kg1 {[%emt 0:03:34]} Qc6 {[%emt 0:06:13]} 29. Rc4 {[%emt 0:01:31]} Qd7 {[%emt 0:00:08]} 30. Nb2 {[%emt 0:01:23]} Qe6 {[%emt 0:02:15]} 31. Rxc8 {[%emt 0:02:02]} Rxc8 {[%emt 0:00:05]} 32. Nc4 {[%emt 0:00:13]} Nd7 {[%emt 0:00:05]} 33. Qg4 {[%emt 0:06:08]} Qxg4 {[%emt 0:00:36]} 34. hxg4 {[%emt 0:00:02]} Rc6 {[%emt 0:01:00]} 35. g5 {[%emt 0:02:30]} b5 {[%emt 0:00:28]} 36. axb6 {[%emt 0:00:36]} Nxb6 {[%emt 0:00:05]} 37. Nxb6 {[%emt 0:00:07]} Rxb6 {[%emt 0:00:05]} 38. Ra1 {[%emt 0:00:47]} d3 {[%emt 0:01:50]} 39. cxd3 {[%emt 0:06:55]} Rxb3 {[%emt 0:00:05]} 40. Rxa6 {[%emt 0:01:23]} Rxd3 {[%emt 0:00:05]} 41. Ra8+ {[%emt 0:31:36]} Kf7 {[%emt 0:30:37]} 42. Ra7+ {[%emt 0:00:07]} Kg8 {[%emt 0:00:06]} 43. Ra8+ 1/2-1/2